Οικονομική πολιτική

Αποθηκεύτηκε σε:
Λεπτομέρειες βιβλιογραφικής εγγραφής
Κύριος συγγραφέας: Βαβούρας, Ιωάννης Σ., 1950-
Μορφή: Βιβλίο
Γλώσσα:Greek
Δημοσίευση: Αθήνα : Παπαζήσης, 1998.
Θέματα:
Ετικέτες: Προσθήκη ετικέτας
Δεν υπάρχουν, Καταχωρήστε ετικέτα πρώτοι!

MARC

LEADER 00000cam a2200000 i 4500
001 1/85121
008 990629s1998 gr | ||| |||| ||gre||
020 |a 9600212589 
035 |l 10051767 
040 |a GR-MY-UA  |b gre  |e aacr 
041 0 |a gre 
082 7 |a 338.9   |2 (22) 
100 1 |a Βαβούρας, Ιωάννης Σ.,   |d 1950- 
245 1 0 |a Οικονομική πολιτική /   |c Ιωάννης Σ. Βαβούρας.  
260 |a Αθήνα :   |b Παπαζήσης,   |c 1998.  
300 |a 493 σ. ;   |c 24 εκ.  
504 |a Περιέχει βιβλιογραφικές παραπομπές. .  
650 0 0 |a Economic policy. 
852 |a INST  |b CHIOS  |e 19990629  |h 338.9 ΒΑΒ  |p 005200014290  |q 005200014290  |t BK  |y 0 
901 |a BIBL1-1999-2 
909 |a Χ  |b 055838 
970 |a ΣΠΕΝΤΖΑ  |b ΕΛΕΝΗ  |z 1999/06/29